000 00388pam a2200157a 44500
008 230515b2009 xxu||||| |||| 00| 0 eng d
020 _aNULL
041 _aENGLISH
082 _a306.8/GOK
100 _a"GOKILAVANI, S ,JELESTIN, S G"
245 _aMARRIAGE DOWRY PRACTICE AND DIVORCE
250 _a1
260 _aPUNE
_bREGENCY PUBLICATIONS
_c2009
300 _a268
650 _aNULL
999 _c542145
_d542145